Vista normal
Vista MARC
Entrada Personal Name
Número de registros utilizados en: 1
001 - CONTROL NUMBER
- control field: 10679
003 - CONTROL NUMBER IDENTIFIER
- control field: DLC
005 - DATE AND TIME OF LATEST TRANSACTION
- control field: 20200304123041.0
008 - FIXED-LENGTH DATA ELEMENTS
- fixed length control field: 121107n| acannaabn |a aaa c
010 ## - LIBRARY OF CONGRESS CONTROL NUMBER
- LC control number: ns2012005148
035 ## - SYSTEM CONTROL NUMBER
- System control number: (CaEvSKY)skya10058737
035 ## - SYSTEM CONTROL NUMBER
- System control number: (Uk)008623144
040 ## - CATALOGING SOURCE
- Original cataloging agency: MX-SnUAN
- Language of cataloging: spa
- Transcribing agency: Mx-PuUPA
- Modifying agency: Uk
- Modifying agency: Mx-PuUPA
- Description conventions: rda
100 1# - HEADING--PERSONAL NAME
- Personal name: Martínez Riera, José Ramón,
373 ## - ASSOCIATED GROUP
- Associated group: Universidad de Alicante
374 ## - OCCUPATION
- Occupation: Autor
- Occupation: Profesor de Enfermería, Medicina y Salud Pública
375 ## - GENDER
- Gender: hombre
377 ## - ASSOCIATED LANGUAGE
- Language code: spa
400 1# - SEE FROM TRACING--PERSONAL NAME
- Personal name: Riera, José Ramón Martínez
670 ## - SOURCE DATA FOUND
- Source citation: Enfermería en atención primaria, 2006:
- Information found: t.p. (José Ramón Martínez Riera)
670 ## - SOURCE DATA FOUND
- Source citation: Biblioteca del congreso (Estados Unidos), 04 marzo 2020:
- Information found: Catálogo electrónico
- Uniform Resource Identifier: http://bit.ly/2VFZonP